Szczegóły MARC21

Źródła i instrumentarium konkurencyjności : świat, gospodarka narodowa, sektor, region, przedsiębiorstwo : materiały II konferencji zorganizowanej przez słuchaczy studiów doktoranckich WZiEU Uniwersytetu Szczecińskiego, Szczecin czerwiec 2000. Cz. 2 /

005 -DATA I CZAS OSTATNIEJ MODYFIKACJI [,]
    • @
    • pole kontrolne
    • 20071109135120.0
020 -Międzynarod. znormalizowany nr książki - ISBN [ , ]
    • a
    • Numer ISBN
    • 8391064174 Find
040 -Instytucja sporządzająca opis [ , ]
    • a
    • Instytucja, która sporządziła opis (NP)
    • SZCZ U
    • c
    • Instytucja, która sporządziła rekord (NP)
    • SZCZ U
    • d
    • Instytucja, która zmodyfikowała rekord (P)
    • SZCZ U/OG
041 -Język dokumentu [0, ]
    • a
    • Język tekstu (P)
    • polski
044 -Kraj miejsca wydania [ , ]
    • a
    • Kraj miejsca wydania
    • Polska
942 -Rodzaj dokumentu [ , ]
    • c
    • Rodzaj dokumentu
    • Książka
245 -Strefa tytułu i oznaczenia odpowiedzialności [0,0]
    • a
    • Tytuł
    • Źródła i instrumentarium konkurencyjności : Find
    • b
    • Ciąg dalszy tytułu (NP)
    • świat, gospodarka narodowa, sektor, region, przedsiębiorstwo : materiały II konferencji zorganizowanej przez słuchaczy studiów doktoranckich WZiEU Uniwersytetu Szczecińskiego, Szczecin czerwiec 2000. Find
    • n
    • Oznaczenie części (P)
    • Cz. 2 /
    • c
    • Pozostałe elementy strefy tytułu i oznaczenia odpowiedzialności (NP)
    • Uniwersytet Szczeciński. Wydział Zarządzania i Ekonomiki Usług.
260 -Strefa adresu wydawniczego [ , ]
    • a
    • Miejsce wydania (P)
    • Szczecin :
    • b
    • Nazwa wydawcy (P)
    • Fundacja na Rzecz US,
    • c
    • Data wydania (P)
    • 2000.
300 -Strefa opisu fizycznego [ , ]
    • a
    • Określenie formy książki i/lub objętość (NP)
    • 235 s. :
    • b
    • Oznaczenie ilustracji (NP)
    • mapy, wykr. ;
    • c
    • Format (NP)
    • 24 cm.
500 -Uwaga ogólna [ , ]
    • a
    • Uwaga ogólna (NP)
    • Bibliogr.
080 -Uniwersalna Klasyfikacja Dziesiętna [ , ]
    • 2
    • Identyfikator wydania tablic
    • UDC-P022
    • a
    • Symbol klasyfikacji
    • 339.137
    • b
    • Dopowiedzenie
    • Konkurencja. Dumping. Konkurencja za pomocą cen i jakości. Antydumping. Import po cenach zaniżonych.
    • x
    • Poddział wspólny
    • (438)
    • b
    • Dopowiedzenie
    • (Polska).
    • x
    • Poddział wspólny
    • (061)
    • b
    • Dopowiedzenie
    • (Wydawnictwa odnoszące się do konferencji, zjazdów itd. Sprawozdania z konferencji).
    • x
    • Poddział wspólny
    • "1989/..."
980 -Symbol UKD [ , ]
    • a
    • UKD
    • 339.137(438)"1989/..."(061)
920 -ISBN [ , ]
    • a
    • ISBN
    • 83-910641-7-4 Find
Numer inwentarzowy Status udost. Data inwentaryzacji Lokalizacja
T.6606-32002-03-11T
T.6607-22002-03-11T
T.6609-32002-03-11T
TM.4970-32007-09-14T